[Event "Ålesund Grand Prix 2017"]
[Site "Clarion Hotel Bryggen, Ålesund"]
[Date "2017.03.31"]
[Round "2"]
[White "Merkesvik, Sondre"]
[Black "Skrede, Per Arne"]
[Result "1-0"]
[WhiteElo "2186"]
[BlackElo "1707"]

1. Nf3 {[%clk 0:19:58]} Nf6 {[%clk 0:20:00]} 2. g3 {[%clk 0:20:02]} g6 3. Bg2 Bg7
{[%clk 0:19:57]} 4. c4 {[%clk 0:20:09]} d6 {[%clk 0:19:47]} 5. d4
{[%clk 0:20:13]} O-O {[%clk 0:19:34]} 6. O-O {[%clk 0:20:15]} c5 {[%clk 0:18:36]}
7. b3 {[%clk 0:19:40]} Nbd7 {[%clk 0:17:17]} 8. Bb2 {[%clk 0:19:40]} Rb8
{[%clk 0:16:34]} 9. Nc3 {[%clk 0:19:05]} a6 {[%clk 0:16:07]} 10. e4
{[%clk 0:19:08]} b5 {[%clk 0:15:26]} 11. cxb5 {[%clk 0:19:02]} axb5
{[%clk 0:15:17]} 12. e5 {[%clk 0:18:31]} dxe5 {[%clk 0:14:23]} 13. dxe5
{[%clk 0:18:07]} Ng4 {[%clk 0:13:42]} 14. e6 {[%clk 0:17:47]} Nde5
{[%clk 0:10:32]} 15. Nxe5 {[%clk 0:16:18]} Nxe5 {[%clk 0:10:33]} 16. exf7+
{[%clk 0:16:07]} Nxf7 {[%clk 0:10:15]} 17. Qe2 {[%clk 0:16:11]} Ba6
{[%clk 0:05:46]} 18. Nd5 {[%clk 0:16:13]} e5 {[%clk 0:03:41]} 19. Rfd1
{[%clk 0:15:47]} Rb7 {[%clk 0:02:17]} 20. Rac1 {[%clk 0:15:44]} Qa5
{[%clk 0:01:02]} 21. Rxc5 {[%clk 0:15:23]} Qxa2 {[%clk 0:00:47]} 22. Nb4
{[%clk 0:14:53]} Qa5 {[%clk 0:00:24]} 23. Bc3 1-0

[Event "Ålesund Grand Prix 2017"]
[Site "Clarion Hotel Bryggen, Ålesund"]
[Date "2017.03.31"]
[Round "4"]
[White "Kyrkjebø, Erlend"]
[Black "Kvisla, Johannes Luangtep"]
[Result "1/2-1/2"]
[WhiteElo "2091"]
[BlackElo "2272"]

1. e4 {[%clk 1:30:53]} c6 {[%clk 1:30:44]} 2. d4 {[%clk 1:31:07]} d5
{[%clk 1:31:09]} 3. Nd2 {[%clk 1:31:21]} dxe4 {[%clk 1:29:36]} 4. Nxe4
{[%clk 1:31:40]} Qc7 {[%clk 1:29:58]} 5. Nf3 {[%clk 1:29:56]} Nf6
{[%clk 1:30:21]} 6. Bd3 {[%clk 1:26:36]} Nxe4 {[%clk 1:30:26]} 7. Bxe4
{[%clk 1:26:58]} Bg4 {[%clk 1:30:40]} 8. Qd3 {[%clk 1:25:57]} Nd7
{[%clk 1:28:31]} 9. O-O {[%clk 1:22:09]} e6 {[%clk 1:28:16]} 10. h3
{[%clk 1:15:07]} Bh5 {[%clk 1:26:33]} 11. Re1 {[%clk 1:12:42]} Be7
{[%clk 1:23:29]} 12. Ne5 {[%clk 1:05:34]} Nxe5 {[%clk 1:23:38]} 13. dxe5
{[%clk 1:05:54]} Bg6 {[%clk 1:23:56]} 14. Bf4 {[%clk 1:03:30]} Rd8
{[%clk 1:23:44]} 15. Qc3 {[%clk 1:00:27]} Qb6 {[%clk 1:22:26]} 16. Be3
{[%clk 0:58:32]} Qb4 {[%clk 1:19:43]} 17. Bxa7 {[%clk 0:37:30]} Qxc3
{[%clk 1:18:29]} 18. bxc3 {[%clk 0:37:53]} Ra8 {[%clk 1:18:29]} 19. Bd4
{[%clk 0:34:51]} Ra4 {[%clk 1:18:26]} 20. Bd3 {[%clk 0:31:38]} O-O
{[%clk 1:18:04]} 21. Bb6 {[%clk 0:25:48]} Ra3 {[%clk 1:10:50]} 22. c4
{[%clk 0:22:24]} c5 {[%clk 1:03:17]} 23. Red1 {[%clk 0:20:41]} Ra6
{[%clk 0:56:25]} 24. Rdb1 {[%clk 0:16:32]} f5 {[%clk 0:53:14]} 25. Bc7
{[%clk 0:15:13]} Ra7 {[%clk 0:46:26]} 26. Rb6 {[%clk 0:11:59]} Bf7
{[%clk 0:46:39]} 27. Bd6 {[%clk 0:10:36]} Bxd6 {[%clk 0:43:52]} 28. Rxd6
{[%clk 0:10:50]} Rb8 {[%clk 0:42:49]} 29. Rb1 {[%clk 0:04:54]} Rxa2
{[%clk 0:42:22]} 30. Rdb6 {[%clk 0:04:50]} g5 {[%clk 0:34:56]} 31. f3
{[%clk 0:03:20]} Ra5 {[%clk 0:31:28]} 32. Rxb7 {[%clk 0:02:56]} Rxb7
{[%clk 0:31:00]} 33. Rxb7 {[%clk 0:03:24]} Ra6 {[%clk 0:30:59]} 34. Rc7
{[%clk 0:02:43]} Ra5 {[%clk 0:31:20]} 35. Kf2 {[%clk 0:01:40]} h5
{[%clk 0:31:24]} 36. Rc6 {[%clk 0:01:00]} Kf8 {[%clk 0:31:33]} 37. Rb6
{[%clk 0:00:47]} Ra7 {[%clk 0:31:55]} 38. Rc6 {[%clk 0:00:47]} Ra5
{[%clk 0:32:18]} 39. g4 {[%clk 0:01:02]} fxg4 {[%clk 0:32:32]} 40. fxg4
{[%clk 0:01:03]} h4 {[%clk 0:32:33]} 41. Rb6 {[%clk 0:00:42]} Ra7
{[%clk 0:32:58]} 42. Rc6 {[%clk 0:00:39]} 1/2-1/2

[Event "Ålesund Grand Prix 2017"]
[Site "Clarion Hotel Bryggen, Ålesund"]
[Date "2017.03.31"]
[Round "4"]
[White "Kvamme, John A"]
[Black "Kyrkjebø, Marte B"]
[Result "1-0"]
[WhiteElo "2141"]
[BlackElo "1794"]

1. Nf3 {[%clk 1:28:17]} d5 {[%clk 1:30:56]} 2. g3 {[%clk 1:28:39]} Nf6
{[%clk 1:31:05]} 3. Bg2 {[%clk 1:29:04]} c6 {[%clk 1:31:03]} 4. b3
{[%clk 1:27:57]} Bg4 {[%clk 1:28:31]} 5. Bb2 {[%clk 1:27:59]} Nbd7
{[%clk 1:26:19]} 6. d3 {[%clk 1:28:15]} e6 {[%clk 1:25:26]} 7. Nbd2
{[%clk 1:28:03]} Be7 {[%clk 1:19:58]} 8. O-O {[%clk 1:27:53]} O-O
{[%clk 1:20:22]} 9. h3 {[%clk 1:26:33]} Bxf3 {[%clk 1:15:12]} 10. Nxf3
{[%clk 1:26:33]} a5 {[%clk 1:14:37]} 11. a3 {[%clk 1:26:09]} Qc7 {[%clk 1:07:34]}
12. c4 {[%clk 1:26:14]} Rfd8 {[%clk 1:04:17]} 13. Qc2 {[%clk 1:25:46]} Bf8
{[%clk 0:59:43]} 14. cxd5 {[%clk 1:23:51]} exd5 {[%clk 0:56:13]} 15. e4
{[%clk 1:23:15]} Qb6 {[%clk 0:41:06]} 16. Rfe1 {[%clk 1:13:52]} h6
{[%clk 0:33:59]} 17. g4 {[%clk 0:56:25]} Nh7 {[%clk 0:21:45]} 18. Rac1
{[%clk 0:49:23]} dxe4 {[%clk 0:16:10]} 19. dxe4 {[%clk 0:48:56]} Re8
{[%clk 0:13:52]} 20. e5 {[%clk 0:42:38]} Rad8 {[%clk 0:09:37]} 21. Bf1
{[%clk 0:31:24]} Be7 {[%clk 0:03:06]} 22. e6 {[%clk 0:19:16]} fxe6
{[%clk 0:01:52]} 23. Bc4 {[%clk 0:18:31]} Nhf8 {[%clk 0:01:37]} 24. Nd4
{[%clk 0:16:41]} Nc5 {[%clk 0:00:38]} 25. Nf5 {[%clk 0:12:13]} Bf6
{[%clk 0:00:43]} 26. Nxh6+ {[%clk 0:11:06]} gxh6 {[%clk 0:00:59]} 27. Bxf6
{[%clk 0:11:25]} Rd7 {[%clk 0:01:11]} 28. Ba1 {[%clk 0:08:35]} Rde7
{[%clk 0:00:45]} 29. Qc3 {[%clk 0:08:22]} Ng6 {[%clk 0:00:45]} 30. b4
{[%clk 0:07:02]} axb4 {[%clk 0:00:40]} 31. axb4 {[%clk 0:07:24]} Na6
{[%clk 0:00:42]} 32. Qf6 {[%clk 0:06:59]} Kh7 {[%clk 0:00:55]} 33. Bd3
{[%clk 0:07:14]} Nxb4 {[%clk 0:00:33]} 34. Qxg6# {[%clk 0:07:31]} 1-0

[Event "Ålesund Grand Prix 2017"]
[Site "Clarion Hotel Bryggen, Ålesund"]
[Date "2017.03.31"]
[Round "4"]
[White "Merkesvik, Sondre"]
[Black "Fard, Adel Gharebagi"]
[Result "1/2-1/2"]
[WhiteElo "2186"]
[BlackElo "1562"]

1. g3 {[%clk 1:27:01]} d5 {[%clk 1:30:53]} 2. Nf3 {[%clk 1:27:27]} e6
{[%clk 1:31:15]} 3. Bg2 {[%clk 1:27:50]} Bd6 {[%clk 1:31:32]} 4. c4
{[%clk 1:28:13]} c6 {[%clk 1:31:59]} 5. d4 {[%clk 1:28:38]} f5 {[%clk 1:32:25]}
6. O-O {[%clk 1:28:54]} Nf6 {[%clk 1:32:45]} 7. b3 {[%clk 1:28:47]} O-O
{[%clk 1:33:09]} 8. Ba3 {[%clk 1:29:13]} Ne4 {[%clk 1:32:08]} 9. e3
{[%clk 1:26:54]} a5 {[%clk 1:32:12]} 10. Ne5 {[%clk 1:26:16]} Qe7
{[%clk 1:31:35]} 11. Bxd6 {[%clk 1:25:10]} Qxd6 {[%clk 1:32:00]} 12. f3
{[%clk 1:25:32]} Nf6 {[%clk 1:32:24]} 13. Nc3 {[%clk 1:25:53]} Nbd7
{[%clk 1:32:27]} 14. f4 {[%clk 1:24:56]} Ne4 {[%clk 1:32:01]} 15. Nxe4
{[%clk 1:23:09]} dxe4 {[%clk 1:30:47]} 16. c5 {[%clk 1:22:36]} Qd5
{[%clk 1:29:41]} 17. Nc4 {[%clk 1:19:18]} Rd8 {[%clk 1:26:29]} 18. Rf2
{[%clk 1:18:03]} Rb8 {[%clk 1:25:15]} 19. Qc2 {[%clk 1:16:24]} b6
{[%clk 1:24:41]} 20. cxb6 {[%clk 1:15:59]} Nxb6 {[%clk 1:24:39]} 21. Rc1
{[%clk 1:14:33]} Bd7 {[%clk 1:22:23]} 22. Bf1 {[%clk 1:14:46]} Nxc4
{[%clk 1:18:53]} 23. Qxc4 {[%clk 1:14:46]} Qxc4 {[%clk 1:17:43]} 24. Rxc4
{[%clk 1:15:10]} Rb4 {[%clk 1:16:37]} 25. Rfc2 {[%clk 1:15:24]} Ra8
{[%clk 1:15:56]} 26. Kf2 {[%clk 1:15:39]} Kf7 {[%clk 1:16:25]} 27. g4
{[%clk 1:10:47]} g6 {[%clk 1:15:42]} 28. g5 {[%clk 1:09:43]} Rxc4
{[%clk 1:11:45]} 29. Rxc4 {[%clk 1:09:53]} Ke7 {[%clk 1:11:51]} 30. h4
{[%clk 1:10:15]} Kd6 {[%clk 1:11:06]} 31. h5 {[%clk 1:10:05]} gxh5
{[%clk 1:10:45]} 32. Kg3 {[%clk 1:10:18]} h6 {[%clk 1:09:23]} 33. gxh6
{[%clk 1:06:10]} Rh8 {[%clk 1:09:18]} 34. Rc5 {[%clk 1:06:07]} Rxh6
{[%clk 1:09:27]} 35. Rxa5 {[%clk 1:06:31]} Rg6+ {[%clk 1:09:08]} 36. Kf2
{[%clk 1:06:24]} h4 {[%clk 1:08:30]} 37. Ra8 {[%clk 1:06:11]} Rg3
{[%clk 1:08:50]} 38. Bg2 {[%clk 1:03:14]} Rg7 {[%clk 1:07:15]} 39. Rh8
{[%clk 1:03:01]} c5 {[%clk 1:07:21]} 40. dxc5+ {[%clk 1:03:26]} Kxc5
{[%clk 1:07:41]} 41. Rxh4 {[%clk 1:03:34]} Bb5 {[%clk 1:08:01]} 42. Bf1
{[%clk 1:01:03]} Ra7 {[%clk 1:07:30]} 43. Bxb5 {[%clk 0:46:42]} Kxb5
{[%clk 1:07:34]} 44. Rh6 {[%clk 0:35:39]} Rxa2+ {[%clk 1:06:59]} 45. Ke1
{[%clk 0:36:07]} Ra6 {[%clk 1:06:28]} 46. Kd2 {[%clk 0:36:35]} Kb4
{[%clk 1:06:02]} 47. Rh8 {[%clk 0:31:26]} Ra2+ {[%clk 1:05:44]} 48. Kd1
{[%clk 0:31:19]} Kc3 {[%clk 1:04:37]} 49. Rd8 {[%clk 0:31:48]} Rb2
{[%clk 1:03:57]} 50. Rd6 {[%clk 0:32:05]} Rxb3 {[%clk 1:04:09]} 51. Ke2
{[%clk 0:32:15]} Rb2+ {[%clk 1:04:34]} 52. Ke1 {[%clk 0:32:03]} Kc4
{[%clk 1:04:26]} 53. Kd1 {[%clk 0:32:28]} Ra2 {[%clk 1:03:47]} 54. Ke1
{[%clk 0:32:52]} Ra5 {[%clk 1:03:27]} 55. Ke2 {[%clk 0:33:16]} e5
{[%clk 1:03:07]} 56. fxe5 {[%clk 0:27:49]} Rxe5 {[%clk 1:03:24]} 57. Rd4+
{[%clk 0:25:13]} Kc5 58. Rd8 {[%clk 0:23:59]} Rd5 {[%clk 1:01:32]} 59. Rxd5+
{[%clk 0:23:48]} Kxd5 {[%clk 1:01:44]} 60. Kd2 {[%clk 0:24:16]} Kc4
{[%clk 1:01:02]} 61. Kc2 {[%clk 0:24:44]} Kb4 {[%clk 1:00:50]} 62. Kb2
{[%clk 0:25:11]} Kc4 {[%clk 1:00:58]} 63. Kc2 {[%clk 0:25:39]} Kd5
{[%clk 1:01:26]} 64. Kd2 {[%clk 0:26:04]} Ke5 {[%clk 1:00:31]} 65. Ke2
{[%clk 0:26:32]} Kf6 {[%clk 1:00:50]} 66. Kf2 {[%clk 0:26:53]} Kg6
{[%clk 1:01:13]} 67. Kg2 {[%clk 0:27:19]} Kg5 {[%clk 0:59:55]} 68. Kg3
{[%clk 0:27:47]} Kf6 {[%clk 0:59:34]} 69. Kf2 {[%clk 0:28:14]} Ke6
{[%clk 0:59:37]} 70. Ke2 {[%clk 0:28:41]} Kd5 {[%clk 1:00:02]} 71. Kd2 1/2-1/2

[Event "Ålesund Grand Prix 2017"]
[Site "Clarion Hotel Bryggen, Ålesund"]
[Date "2017.03.31"]
[Round "4"]
[White "Unneland, Mathias"]
[Black "Wadstensvik, Petter Andreas"]
[Result "1-0"]
[WhiteElo "1645"]
[BlackElo "1655"]

1. e4 {[%clk 1:30:51]} e5 {[%clk 1:30:51]} 2. Nf3 {[%clk 1:31:06]} Nc6
{[%clk 1:31:15]} 3. d4 {[%clk 1:30:04]} exd4 {[%clk 1:31:37]} 4. Bc4
{[%clk 1:30:28]} Nf6 {[%clk 1:31:42]} 5. O-O {[%clk 1:29:48]} d5 {[%clk 1:29:30]}
6. exd5 {[%clk 1:30:03]} Nxd5 {[%clk 1:29:39]} 7. Nxd4 {[%clk 1:29:05]} Be7
{[%clk 1:28:01]} 8. Nxc6 {[%clk 1:28:14]} bxc6 {[%clk 1:28:25]} 9. Qf3
{[%clk 1:27:52]} O-O {[%clk 1:25:41]} 10. Be3 {[%clk 1:26:00]} Bf6
{[%clk 1:25:19]} 11. c3 {[%clk 1:25:43]} Rb8 {[%clk 1:24:52]} 12. Bb3
{[%clk 1:25:42]} Nxe3 {[%clk 1:14:34]} 13. Qxe3 {[%clk 1:24:04]} Ra8
{[%clk 1:13:55]} 14. Na3 {[%clk 1:23:10]} Re8 {[%clk 1:12:09]} 15. Qf3
{[%clk 1:22:51]} Qd6 {[%clk 1:05:21]} 16. Nb5 {[%clk 1:20:52]} Qe7
{[%clk 0:56:28]} 17. Qxc6 {[%clk 1:19:30]} Bd7 {[%clk 0:56:50]} 18. Qc4
{[%clk 1:19:25]} c6 {[%clk 0:52:34]} 19. Nc7 {[%clk 1:17:58]} Be6
{[%clk 0:52:24]} 20. Nxe6 {[%clk 1:13:07]} Qxe6 {[%clk 0:52:48]} 21. Qc5
{[%clk 1:12:42]} Qd7 {[%clk 0:50:57]} 22. Rad1 {[%clk 1:12:32]} Qc7
{[%clk 0:50:52]} 23. Ba4 {[%clk 1:11:39]} Re6 {[%clk 0:49:54]} 24. b4
{[%clk 1:08:03]} Qe5 {[%clk 0:47:55]} 25. Qxe5 {[%clk 1:07:12]} Bxe5
{[%clk 0:48:12]} 26. c4 {[%clk 1:06:46]} Rc8 {[%clk 0:42:16]} 27. Rd7
{[%clk 1:06:11]} Bc7 {[%clk 0:42:25]} 28. Rfd1 {[%clk 1:05:50]} Kf8
{[%clk 0:42:17]} 29. g3 {[%clk 1:05:40]} Bb6 {[%clk 0:38:46]} 30. c5
{[%clk 1:05:33]} Bc7 {[%clk 0:39:05]} 31. Bb3 {[%clk 1:05:36]} Re7
{[%clk 0:38:22]} 32. Kg2 {[%clk 1:04:53]} Ke8 {[%clk 0:37:18]} 33. R7d3
{[%clk 1:02:54]} a5 {[%clk 0:32:32]} 34. Ba4 {[%clk 1:03:03]} Re6
{[%clk 0:31:10]} 35. b5 {[%clk 1:02:24]} Re4 {[%clk 0:30:33]} 36. Rd4
{[%clk 1:01:50]} Rxd4 {[%clk 0:27:52]} 37. Rxd4 {[%clk 1:01:57]} cxb5
{[%clk 0:27:58]} 38. Bxb5+ {[%clk 1:02:17]} Kf8 {[%clk 0:28:24]} 39. Rd7
{[%clk 1:02:28]} Bd8 {[%clk 0:28:33]} 40. c6 {[%clk 1:02:36]} Ke8
{[%clk 0:28:33]} 41. c7 {[%clk 1:02:41]} 1-0

[Event "Ålesund Grand Prix 2017"]
[Site "Clarion Hotel Bryggen, Ålesund"]
[Date "2017.03.31"]
[Round "5"]
[White "Sætre, Stig"]
[Black "Merkesvik, Sondre"]
[Result "0-1"]
[WhiteElo "1516"]
[BlackElo "2186"]

1. e4 {[%clk 1:30:55]} c5 {[%clk 1:26:51]} 2. Nf3 {[%clk 1:31:05]} Nf6
{[%clk 1:27:18]} 3. Nc3 {[%clk 1:31:02]} d5 {[%clk 1:27:29]} 4. Bb5+
{[%clk 1:30:41]} Bd7 {[%clk 1:26:42]} 5. Bxd7+ {[%clk 1:25:39]} Qxd7
{[%clk 1:25:36]} 6. exd5 {[%clk 1:24:37]} Nxd5 {[%clk 1:25:30]} 7. Nxd5
{[%clk 1:23:43]} Qxd5 {[%clk 1:25:57]} 8. O-O {[%clk 1:24:00]} Nc6
{[%clk 1:26:10]} 9. a4 {[%clk 1:21:12]} g6 {[%clk 1:26:27]} 10. Ra3
{[%clk 1:17:46]} Bg7 {[%clk 1:25:18]} 11. Rd3 {[%clk 1:15:48]} Qf5
{[%clk 1:25:17]} 12. Re3 {[%clk 1:09:18]} O-O {[%clk 1:25:00]} 13. c3
{[%clk 1:08:00]} Rad8 {[%clk 1:24:48]} 14. g3 {[%clk 1:05:54]} Bh6
{[%clk 1:22:42]} 15. Nh4 {[%clk 0:59:41]} Qd5 {[%clk 1:21:26]} 16. Re2
{[%clk 0:59:49]} e5 {[%clk 1:10:35]} 17. Qc2 {[%clk 0:59:21]} Rfe8
{[%clk 1:06:28]} 18. Ng2 {[%clk 0:58:09]} e4 {[%clk 1:06:32]} 19. Ne3
{[%clk 0:58:08]} Qh5 {[%clk 1:06:49]} 20. Qd1 {[%clk 0:49:22]} Ne5
{[%clk 1:05:44]} 21. Kg2 {[%clk 0:49:39]} Bxe3 {[%clk 1:02:48]} 22. fxe3
{[%clk 0:46:51]} Nd3 {[%clk 0:53:47]} 23. Ref2 {[%clk 0:40:24]} Qxd1
{[%clk 0:53:52]} 24. Rxd1 {[%clk 0:40:26]} Nxf2 {[%clk 0:54:00]} 25. Kxf2
{[%clk 0:40:55]} c4 {[%clk 0:54:28]} 26. Ke2 {[%clk 0:40:38]} Re6
{[%clk 0:54:42]} 27. b3 {[%clk 0:40:07]} cxb3 {[%clk 0:55:05]} 28. Bb2
{[%clk 0:40:06]} Rc6 {[%clk 0:53:51]} 29. Rb1 {[%clk 0:39:38]} Ra6
{[%clk 0:53:10]} 30. Bc1 {[%clk 0:39:26]} Rxa4 {[%clk 0:53:15]} 31. Rxb3
{[%clk 0:39:33]} b6 {[%clk 0:53:40]} 32. Rb5 {[%clk 0:39:47]} Ra1
{[%clk 0:54:08]} 33. Kd1 {[%clk 0:40:15]} f5 {[%clk 0:53:55]} 34. Re5
{[%clk 0:39:37]} Kf7 {[%clk 0:54:24]} 35. g4 {[%clk 0:37:58]} Ra5
{[%clk 0:54:39]} 1-0

[Event "Ålesund Grand Prix 2017"]
[Site "Clarion Hotel Bryggen, Ålesund"]
[Date "2017.03.31"]
[Round "5"]
[White "Kvisla, Johannes Luangtep"]
[Black "Kvamme, John A"]
[Result "1-0"]
[WhiteElo "2272"]
[BlackElo "2141"]

1. d4 {[%clk 1:18:29]} Nf6 {[%clk 1:30:50]} 2. c4 {[%clk 1:18:56]} g6
{[%clk 1:31:12]} 3. Nc3 {[%clk 1:19:23]} Bg7 {[%clk 1:31:31]} 4. e4
{[%clk 1:19:40]} d6 {[%clk 1:31:52]} 5. Be2 {[%clk 1:19:59]} O-O {[%clk 1:31:57]}
6. Nf3 {[%clk 1:20:23]} c5 {[%clk 1:32:03]} 7. O-O {[%clk 1:20:33]} cxd4
{[%clk 1:32:27]} 8. Nxd4 {[%clk 1:20:58]} Nc6 {[%clk 1:32:50]} 9. Nc2
{[%clk 1:21:17]} Nd7 {[%clk 1:33:00]} 10. Bd2 {[%clk 1:21:41]} Nc5
{[%clk 1:31:41]} 11. b4 {[%clk 1:17:32]} Ne6 {[%clk 1:29:37]} 12. Rc1
{[%clk 1:16:28]} Ned4 {[%clk 1:29:06]} 13. Nxd4 {[%clk 1:16:40]} Nxd4
{[%clk 1:29:17]} 14. Be3 {[%clk 1:16:04]} Nxe2+ {[%clk 1:29:12]} 15. Qxe2
{[%clk 1:16:00]} Be6 {[%clk 1:18:38]} 16. Rfd1 {[%clk 1:15:50]} Qb8
{[%clk 1:16:45]} 17. Nd5 {[%clk 1:11:22]} Bxd5 {[%clk 1:13:53]} 18. exd5
{[%clk 1:11:26]} b6 {[%clk 1:07:54]} 19. h4 {[%clk 1:11:04]} Qb7 {[%clk 1:07:31]}
20. h5 {[%clk 1:09:00]} Rfe8 {[%clk 1:03:37]} 21. a4 {[%clk 0:55:02]} e6
{[%clk 1:01:40]} 22. hxg6 {[%clk 0:54:38]} hxg6 {[%clk 1:01:46]} 23. dxe6
{[%clk 0:54:09]} Rxe6 {[%clk 1:02:01]} 24. Qf3 {[%clk 0:53:28]} Qxf3
{[%clk 1:00:52]} 25. gxf3 {[%clk 0:52:22]} Rc8 {[%clk 0:52:54]} 26. Rd5
{[%clk 0:51:58]} Bb2 {[%clk 0:48:02]} 27. Rc2 {[%clk 0:49:20]} Ba3
{[%clk 0:47:00]} 28. Rb5 {[%clk 0:42:42]} Re5 {[%clk 0:45:41]} 29. Rxe5
{[%clk 0:42:13]} dxe5 {[%clk 0:46:05]} 30. Bd2 {[%clk 0:42:34]} Rd8
{[%clk 0:42:42]} 31. Kf1 {[%clk 0:42:41]} Rd3 {[%clk 0:19:59]} 32. Ke2
{[%clk 0:43:02]} Rb3 {[%clk 0:20:25]} 33. c5 {[%clk 0:43:18]} bxc5
{[%clk 0:20:31]} 34. bxc5 {[%clk 0:43:42]} Rb8 {[%clk 0:20:14]} 35. c6
{[%clk 0:44:03]} Bd6 {[%clk 0:19:50]} 36. c7 {[%clk 0:44:00]} Rc8
{[%clk 0:20:16]} 37. Rc6 {[%clk 0:42:48]} Bxc7 {[%clk 0:20:22]} 38. Ba5
{[%clk 0:43:08]} Bxa5 {[%clk 0:20:46]} 39. Rxc8+ {[%clk 0:43:34]} Kg7
{[%clk 0:21:11]} 40. Rc5 {[%clk 0:43:58]} Bb4 {[%clk 0:20:51]} 41. Rxe5
{[%clk 0:44:16]} a5 {[%clk 0:21:15]} 42. Rb5 {[%clk 0:44:16]} Bc3
{[%clk 0:21:30]} 43. Rb3 {[%clk 0:44:06]} Bd4 {[%clk 0:21:19]} 44. Rd3
{[%clk 0:43:56]} Bc5 {[%clk 0:21:39]} 45. Rd5 {[%clk 0:44:06]} Bb4
{[%clk 0:22:04]} 46. Rb5 {[%clk 0:44:30]} Bc3 {[%clk 0:22:26]} 47. Rb6
{[%clk 0:44:56]} f5 {[%clk 0:21:06]} 48. Kd3 {[%clk 0:40:15]} Be1
{[%clk 0:21:23]} 49. Ra6 {[%clk 0:38:51]} Kh6 {[%clk 0:20:32]} 50. f4
{[%clk 0:39:02]} Kh5 {[%clk 0:20:31]} 51. f3 {[%clk 0:39:24]} Bb4
{[%clk 0:16:47]} 52. Kd4 {[%clk 0:38:04]} Be1 {[%clk 0:15:26]} 53. Kd5
{[%clk 0:35:29]} g5 {[%clk 0:14:32]} 54. Rf6 {[%clk 0:35:20]} Bd2
{[%clk 0:12:33]} 55. Rxf5 {[%clk 0:34:34]} Bxf4 {[%clk 0:12:33]} 56. Rxf4
{[%clk 0:34:31]} gxf4 {[%clk 0:12:57]} 57. Ke4 {[%clk 0:34:52]} Kg5
{[%clk 0:13:13]} 58. Ke5 {[%clk 0:35:18]} Kg6 {[%clk 0:13:39]} 59. Kxf4
{[%clk 0:35:43]} Kf6 {[%clk 0:14:05]} 60. Ke4 {[%clk 0:36:09]} Ke6
{[%clk 0:14:01]} 1-0

[Event "Ålesund Grand Prix 2017"]
[Site "Clarion Hotel Bryggen, Ålesund"]
[Date "2017.03.31"]
[Round "5"]
[White "Unneland, Mathias"]
[Black "Nyland, Thomas"]
[Result "0-1"]
[WhiteElo "1645"]
[BlackElo "2041"]

1. e4 {[%clk 1:30:45]} e6 {[%clk 1:30:58]} 2. d4 {[%clk 1:30:22]} d5
{[%clk 1:31:19]} 3. exd5 {[%clk 1:30:04]} exd5 {[%clk 1:31:43]} 4. Bd3
{[%clk 1:30:14]} Bd6 {[%clk 1:32:05]} 5. Nf3 {[%clk 1:30:05]} Ne7
{[%clk 1:31:50]} 6. O-O {[%clk 1:29:04]} O-O {[%clk 1:31:53]} 7. c3
{[%clk 1:28:22]} Bf5 {[%clk 1:31:53]} 8. Bg5 {[%clk 1:25:56]} Bxd3
{[%clk 1:30:55]} 9. Qxd3 {[%clk 1:26:07]} f6 {[%clk 1:30:37]} 10. Be3
{[%clk 1:25:25]} c6 {[%clk 1:29:56]} 11. Nbd2 {[%clk 1:25:21]} Nd7
{[%clk 1:27:43]} 12. c4 {[%clk 1:23:53]} Kh8 {[%clk 1:25:28]} 13. Rfe1
{[%clk 1:22:14]} dxc4 {[%clk 1:25:07]} 14. Nxc4 {[%clk 1:22:03]} Bc7
{[%clk 1:25:04]} 15. Rad1 {[%clk 1:20:39]} Nb6 {[%clk 1:23:25]} 16. Na5
{[%clk 1:18:51]} Rb8 {[%clk 1:19:32]} 17. Nb3 {[%clk 1:18:27]} Re8
{[%clk 1:15:00]} 18. Bd2 {[%clk 1:17:45]} Bd6 {[%clk 1:08:16]} 19. Re4
{[%clk 1:13:19]} Ng6 {[%clk 1:07:26]} 20. Rg4 {[%clk 1:05:33]} Qd7
{[%clk 1:05:10]} 21. h3 {[%clk 1:04:06]} Re7 {[%clk 0:55:15]} 22. Nh4
{[%clk 1:02:24]} Nxh4 {[%clk 0:55:12]} 23. Rxh4 {[%clk 1:02:04]} f5
{[%clk 0:53:16]} 24. Qf3 {[%clk 1:01:18]} Qe6 {[%clk 0:44:41]} 25. Rf1
{[%clk 0:58:33]} Nd5 {[%clk 0:40:52]} 26. Bg5 {[%clk 0:56:09]} Nf6
{[%clk 0:40:14]} 27. Nd2 {[%clk 0:54:54]} Rbe8 {[%clk 0:36:18]} 28. b3
{[%clk 0:54:12]} Bc7 {[%clk 0:34:34]} 29. g3 {[%clk 0:52:54]} Kg8
{[%clk 0:33:14]} 30. Nc4 {[%clk 0:50:59]} h6 {[%clk 0:32:22]} 31. Bxf6
{[%clk 0:49:50]} Qxf6 {[%clk 0:32:42]} 32. d5 {[%clk 0:47:33]} cxd5
{[%clk 0:32:05]} 33. Qxd5+ {[%clk 0:47:50]} Qf7 {[%clk 0:32:24]} 34. Qf3
{[%clk 0:45:04]} f4 {[%clk 0:22:48]} 35. Qg4 {[%clk 0:30:58]} fxg3
{[%clk 0:21:24]} 36. Qd4 {[%clk 0:27:17]} gxf2+ {[%clk 0:20:50]} 37. Rxf2
{[%clk 0:27:25]} Re1+ {[%clk 0:19:42]} 38. Kg2 {[%clk 0:27:45]} Qg6+
{[%clk 0:18:41]} 39. Qg4 {[%clk 0:27:39]} Qb1 {[%clk 0:16:06]} 0-1

[Event "Ålesund Grand Prix 2017"]
[Site "Clarion Hotel Bryggen, Ålesund"]
[Date "2017.03.31"]
[Round "5"]
[White "Jacobsen, Fredrik Beer"]
[Black "Kyrkjebø, Erlend"]
[Result "1/2-1/2"]
[WhiteElo "2046"]
[BlackElo "2091"]

1. d4 {[%clk 1:16:46]} Nf6 {[%clk 1:30:11]} 2. Bf4 {[%clk 1:17:05]} e6
{[%clk 1:29:54]} 3. e3 {[%clk 1:16:20]} c5 {[%clk 1:29:52]} 4. c3
{[%clk 1:16:33]} b6 {[%clk 1:29:50]} 5. Nd2 {[%clk 1:14:52]} Bb7 {[%clk 1:29:45]}
6. Ngf3 {[%clk 1:13:17]} Be7 {[%clk 1:22:15]} 7. h3 {[%clk 1:13:29]} O-O
{[%clk 1:22:31]} 8. Bd3 {[%clk 1:13:54]} d5 {[%clk 1:22:50]} 9. O-O
{[%clk 1:14:10]} Nbd7 {[%clk 1:23:05]} 10. Qe2 {[%clk 1:11:22]} Ne4
{[%clk 1:23:22]} 11. Ne5 {[%clk 1:04:58]} Nxe5 {[%clk 1:21:28]} 12. Bxe5
{[%clk 1:02:43]} Nxd2 {[%clk 1:21:21]} 13. Qxd2 {[%clk 1:03:05]} f6
{[%clk 1:17:23]} 14. Bh2 {[%clk 1:03:21]} Bd6 {[%clk 1:16:23]} 15. Bxd6
{[%clk 1:02:42]} Qxd6 {[%clk 1:16:29]} 16. Qc2 {[%clk 1:02:40]} h6
{[%clk 1:12:33]} 17. Rad1 {[%clk 0:57:30]} Rac8 {[%clk 1:10:43]} 18. Rfe1
{[%clk 0:50:54]} Rc7 {[%clk 1:03:56]} 1/2-1/2